LDR 00920naa#a2200193#i#450# 001 RU\\bibl\121831 005 20260501174403.5 011 ## _a3034-4689 100 ## _a20260424b2026####ek#y0rusy0150####ca 102 ## _aRU 200 1# _aПРИМЕНЕНИЕ ТЕХНОЛОГИЙ ИСКУССТВЕННОГО ИНТЕЛЛЕКТА ДЛЯ АВТОМАТИЗАЦИИ КОНСТРУКТОРСКО-ТЕХНОЛОГИЧЕСКОЙ ПОДГОТОВКИ ОБУВНОГО ПРОИЗВОДСТВА _eЖурнальная статья 210 1# _aКазань _cКазанский национальный исследовательский технологический университет _d2026 215 ## _a6 с. 608 ## _aЖурнальная статья _2local 700 #1 _aКеримова _gС.Ш. 700 #1 _aТатарчук _gИ.Р. 700 #1 _aЛитвин _gЕ.В. 700 #1 _aТихонова _gН В 856 4# _avestniktu.ru _u